000
00247nam a2200097Ia 4500
008
240331s9999 xx 000 0 und d
082
_a
300
_b
CON
100
_a
Institute of economics growth. ed
245
0
_a
Contributions to Indian sociology
942
_c
L
999
_c
971
_d
971